000 01663cam a2200481 4500
999 _c23457
_d23457
001 vtls011756981
005 20221011075018.0
008 200228s2018 xo o g n 000 0 slo
020 _a9788055159652
_q(viazané)
035 _aurn:nbn:sk:snk-am00davi
035 _aurn:nbn:sk:snk-am3hvwm
035 _aE33ED263-1E2A-45BC-B88C-07DB46946636
040 _aTTKJF
_bslo
_cTTKJF
_dSNK
_erda
041 1 _aslo
_hger
044 _axo
_cSK
072 7 _a58
_xBotanika
_2konspekt
080 _a582.28
_22011
080 _a578/579
_22001
080 _a(0.062)
_22011
100 1 _aHofrichter, Robert,
_d1957-
_4aut
_93678
240 1 4 _aDas geheimnisvolle Leben der Pilze: Die faszinierenden Wunder einer verborgenen Welt
_lSlovensky
245 1 0 _aTajný život húb
_cRobert Hofrichter ; preložila Terézia Šinková
250 _aPrvé vydanie
264 1 _aBratislava
_bIkar, a.s. - Príroda
_c2018
300 _a212 strán, 16 nečíslovaných strán
_bfarebné fotografie
_c21 cm
336 _atext
_btxt
_2rdacontent
336 _astatický obraz
_bsti
_2rdacontent
337 _abez média
_bn
_2rdamedia
338 _azväzok
_bnc
_2rdacarrier
490 1 _aPríroda
500 _aPreložené z nemeckého originálu
650 0 7 _ahuby
_2SNKPH
_93679
650 0 7 _amikroorganizmy
_2SNKPH
_93680
650 0 7 _amykológia
_2SNKPH
_93681
650 0 7 _aMushrooms
_2SNKPHeng
_93682
650 0 7 _aMicroorganisms
_2SNKPHeng
_93683
650 0 7 _aMycology
_2SNKPHeng
_93684
655 7 _apopulárno-náučné publikácie
_2SNKPH
_91486
655 7 _aPopular works
_2SNKPHeng
_91487
700 1 _aŠinková, Terézia
_4trl
_91958
958 _aNB
958 _aOP